La representación política y la calidad de la democracia /

Detalles Bibliográficos
Autor principal: Martínez, María Antonieta
Formato: Libro
Lenguaje:inglés
Acceso en línea:Acceso electrónico al documento

MARC

LEADER 00000cam a2200000 a 4500
001 041115
003 UAHC_CL
005 20170803124531.0
008 050517b xx j 000 1 eng
040 |a UAHC_CL  |c UAHC_CL  |d UAHC_CL 
100 1 |a Martínez, María Antonieta 
245 1 3 |a La representación política y la calidad de la democracia /  |c María Antonieta Martínez. 
500 |a Revista Mexicana de Sociología, año 6, número 4, octubre - diciembre 2004 
856 |u http://www.ejournal.unam.mx/rms/2004-4/RMS04403.pdf  |3 Acceso electrónico al documento  |y Acceso electrónico al documento 
900 |a REV. MEX. SOCIOL.-04/04 
942 |c BK 
999 |c 41115  |d 41115